000 00866cam a2200253 i 4500
003 SA-RiAUC
005 20260221130159.0
008 260203s1924 ua g 00000 ara c
040 _aSA-RiKSU
_bara
_cSA-RiAUC
_erda
043 _aa-su---
082 0 4 _a252.5
090 _aم ن 252.5
_bص ب ر
100 1 _aصبري، عبد العزيز
_eمؤلف.
245 1 0 _aتذكار الحجاز /
_cعبد العزيز صبري.
264 1 _aالقاهرة :
_bالمكتبة السلفية،
_c[1924]
300 _a228 صفحة ؛
_c29 سم
336 _aنص
_btxt
_2rdacontent
_3كتاب
337 _aبدون وسيط
_bn
_2rdamedia
338 _aمجلد
_bnc
_2rdacarrier
650 7 _aالحج
_2aucsh
651 7 _aالحجاز (السعودية)
_xوصف ورحلات
_2aucsh
942 _2ddc
_cRBOOK COPY
_n0
949 _aSA-JeALM
_d260203
_umohamedma123
_n1
999 _c14443
_d14443